00747nam a2200193 a 450000100100000000500170001000800410002704000250006810000440009324500900013725000110022726000510023830000270028971000450031671000610036104900090042295201050043199900170053600002961020251120073733.0110419s2005 dr a 000 0 spa d aDO-SdBNPbspacBNPHU1 aGarcía Romero, Gladys Graciela91739610aAprendo a convivir :borientaciones pedagógicas /cGladys Graciela García Romero. a4a ed. aSanto Domingo :bPUCAMM,c2005fEditroa Búho a22 p. :bil. ;c28 cm.2 aConsorcio de Educación Cívica9564302 aPontificia Universidad Católica Madre y Maestra 9843 aBNPD 0010718PDaPDbPDcCTd2011-04-19iLF1l0o p29610-10r2020-06-25w2020-06-25yLFPDZNo se presta c29102d29102